Países que nunca jogaram Copa do Mundo de Futebol - Morte Súbita - Statistics

Estatísticas Gerais
  • Esse quiz foi jogado 1 261 vezes
    1 225 desde o último reset
  • A pontuação média é 5 de 14
Answers on the Grid
Answers color-coded by a green-red scale on the quiz's grid according to % correct below.
Cabo Verde
Venezuela
República do Congo
República Democrática do Congo
Panamá
Finlândia
Niger
Islândia
Irlanda
Irlanda do Norte
Índia
Iraque
Guatemala
Emirados Árabes Unidos
Nicarágua
Trinidad e Tobago
Bolívia
Quênia
Togo
Angola
Geórgia
Albânia
Belarus
Israel
Jamaica
Siria
Jordânia
Haiti
 
Estatísticas das Respostas
Resposta % Correto
Cabo Verde
65%
Venezuela
63%
Niger
50%
República do Congo
41%
Índia
36%
Belarus
30%
Geórgia
30%
Siria
30%
Finlândia
29%
Quênia
29%
Guatemala
28%
Jordânia
25%
Nicarágua
25%
Albânia
24%
Nenhum quiz correspondente encontrado
Distribuição das Pontuações
Porcentagem de Pessoas com Cada Pontuação
Percentil de Números Respondidos
Sua Pontuação Histórica
Você não jogou esse quiz desde o último reset